| 000 -LEADER |
| fixed length control field |
00521cam a2200145 a 4500 |
| 020 ## - INTERNATIONAL STANDARD BOOK NUMBER |
| ISBN |
0444863656 (Elsevier NorthHolland) : |
| 040 ## - CATALOGING SOURCE |
| Transcribing agency |
DLC |
| 082 00 - DEWEY DECIMAL CLASSIFICATION NUMBER |
| Classification number |
511 SOL 1982 A062 Or. |
| 245 00 - TITLE STATEMENT |
| Title |
Algebraic and geometric combinatorics / |
| 260 ## - PUBLICATION, DISTRIBUTION, ETC. (IMPRINT) |
| Place of publication |
Amsterdam ; |
| -- |
New York : |
| Name of publisher |
North-Holland Pub. Co. ; |
| Place of publication |
New York : |
| Name of publisher |
Sole distributors for the U.S.A. and Canada, Elsevier Science Pub. Co., |
| Year of publication |
c1982. |
| 300 ## - PHYSICAL DESCRIPTION |
| Number of Pages |
xiii, 378 p. : |
| Other physical details |
ill. ; |
| Dimensions |
24 cm. |
| 650 #0 - SUBJECT ADDED ENTRY--TOPICAL TERM |
| Topical Term |
Combinatorial analysis. |
| 700 1# - ADDED ENTRY--PERSONAL NAME |
| Personal name |
Mendelsohn, Eric. |
| 942 ## - ADDED ENTRY ELEMENTS (KOHA) |
| Koha item type |
សៀវភៅភាសាអង់គ្លេស |
| 952 ## - LOCATION AND ITEM INFORMATION (KOHA) |
| Withdrawn status [LOCAL, KOHA] |
0 |